Southville International School and Colleges
Your cart is empty.
  • Cart
  • Lists
    Public lists Eva Luna New books Lux_list list_1
    Your lists Log in to create your own lists
  • Log in to your account
  • Your cookies
  • Search history
Southville International School and Colleges
  • Advanced search
  • Recent comments
  • Most popular
  • Libraries

Log in to your account

Log in with GOOGLE


If you do not have an external account, but do have a local account, you can still log in:

  1. Home
  2. MARC view: Nursing health assessment :
Normal view MARC view ISBD view

Nursing health assessment : (Record no. 288645)

[ view plain ]
MARC details
000 -LEADER
fixed length control field 02297cam a22003854a 4500
001 - CONTROL NUMBER
control field 14593162
003 - CONTROL NUMBER IDENTIFIER
control field PILC
005 - DATE AND TIME OF LATEST TRANSACTION
control field 20150908092045.0
008 - FIXED-LENGTH DATA ELEMENTS--GENERAL INFORMATION
fixed length control field 061012s2007 paua bf 001 0 eng
010 ## - LIBRARY OF CONGRESS CONTROL NUMBER
LC control number 2006034049
020 ## - INTERNATIONAL STANDARD BOOK NUMBER
International Standard Book Number 9780803615830
020 ## - INTERNATIONAL STANDARD BOOK NUMBER
International Standard Book Number 0803615833
035 ## - SYSTEM CONTROL NUMBER
System control number (OCoLC)ocm73502570
035 ## - SYSTEM CONTROL NUMBER
System control number (OCoLC)73502570
040 ## - CATALOGING SOURCE
Original cataloging agency DNLM/DLC
Transcribing agency DLC
Modifying agency BAKER
-- C#P
-- YDXCP
-- BTCTA
-- DLC
042 ## - AUTHENTICATION CODE
Authentication code pcc
050 00 - LIBRARY OF CONGRESS CALL NUMBER
Classification number RT 48
Item number .B352 2007
100 1# - MAIN ENTRY--PERSONAL NAME
Personal name Bautista, Joy N.
245 10 - TITLE STATEMENT
Title Nursing health assessment :
Remainder of title clinical pocket guide /
Statement of responsibility, etc Patricia M. Dillon.
260 ## - PUBLICATION, DISTRIBUTION, ETC. (IMPRINT)
Place of publication, distribution, etc Malabon :
Name of publisher, distributor, etc Giuani Prints House,
Date of publication, distribution, etc 2007.
300 ## - PHYSICAL DESCRIPTION
Extent 318 pages :
Other physical details illustrations ;
Dimensions 21 cm.
500 ## - GENERAL NOTE
General note Includes index.
505 0# - FORMATTED CONTENTS NOTE
Formatted contents note The complete health assessment -- Assessing the integumentary system -- Assessing the head, face, and neck -- Assessing the eyes and ears -- Assessing the respiratory system -- Assessing the cardiovascular system -- Assessing the peripheral-vascular and lymphatic systems -- Assessing the breasts -- Assessing the abdomen -- Assessing the female genitourinary system -- Assessing the male genitourinary system -- Assessing the motor-musculoskeletal system -- Assessing the sensory-neurological system -- Assessing the mother-to-be -- Assessing the newborn and infant -- Assessing the toddler and preschooler -- Assessing the school-age child and adolescent -- Assessing the older adult -- Assessing the homeless person -- Assessing pain -- Approach to the mental health assessment -- Assessing nutrition -- Assessing spirituality -- Assessing culture -- Assessing the patient's environment -- Assessing abuse.
650 #0 - SUBJECT ADDED ENTRY--TOPICAL TERM
Topical term or geographic name as entry element Nursing assessment
Form subdivision Handbooks, manuals, etc.
650 #2 - SUBJECT ADDED ENTRY--TOPICAL TERM
Topical term or geographic name as entry element Nursing Assessment
Form subdivision Case Reports.
650 #2 - SUBJECT ADDED ENTRY--TOPICAL TERM
Topical term or geographic name as entry element Nursing Assessment
Form subdivision Handbooks.
650 #2 - SUBJECT ADDED ENTRY--TOPICAL TERM
Topical term or geographic name as entry element Medical History Taking
General subdivision methods
Form subdivision Case Reports.
650 #2 - SUBJECT ADDED ENTRY--TOPICAL TERM
Topical term or geographic name as entry element Medical History Taking
General subdivision methods
Form subdivision Handbooks.
650 #2 - SUBJECT ADDED ENTRY--TOPICAL TERM
Topical term or geographic name as entry element Physical Examination
General subdivision methods
Form subdivision Case Reports.
650 #2 - SUBJECT ADDED ENTRY--TOPICAL TERM
Topical term or geographic name as entry element Physical Examination
General subdivision methods
Form subdivision Handbooks.
856 41 - ELECTRONIC LOCATION AND ACCESS
Materials specified Table of contents only
Uniform Resource Identifier <a href="http://www.loc.gov/catdir/toc/ecip072/2006034049.html">http://www.loc.gov/catdir/toc/ecip072/2006034049.html</a>
906 ## - LOCAL DATA ELEMENT F, LDF (RLIN)
a 7
b cbc
c orignew
d 1
e ecip
f 20
g y-gencatlg
942 ## - ADDED ENTRY ELEMENTS (KOHA)
Source of classification or shelving scheme Library of Congress Classification
Koha item type Books
Holdings
Withdrawn status Lost status Source of classification or shelving scheme Damaged status Home library Current library Shelving location Date acquired Source of acquisition Sub Shelving location Total Checkouts Full call number Barcode Date last seen Price effective from Koha item type
    Library of Congress Classification   College Library College Library Filipiniana Section 09/08/2015 Donation     RT 48 .B352 2007 C19972 05/08/2018 09/08/2015 Books

Nursing health assessment :

APA

Bautista J. N., . (2007). Nursing health assessment. Malabon: Giuani Prints House.

Chicago

Bautista Joy N, . 2007. Nursing health assessment. Malabon: Giuani Prints House.

Harvard

Bautista J. N., . (2007). Nursing health assessment. Malabon: Giuani Prints House.

MLA

Bautista Joy N, . Nursing health assessment. Malabon: Giuani Prints House. 2007.

  • Place hold
  • Print
  • Cite
  • Add to your cart (remove)
  • Save record
    BIBTEX Dublin Core MARCXML MARC (non-Unicode/MARC-8) MARC (Unicode/UTF-8) MARC (Unicode/UTF-8, Standard) MODS (XML) RIS
  • More searches
    Search for this title in:
    Other Libraries (WorldCat) Other Databases (Google Scholar) Online Stores (Bookfinder.com) Open Library (openlibrary.org)

Exporting to Dublin Core...

SOUTHVILLE LIBRARY

Southville International School and Colleges Library

1281 Tropical Ave. Cor. Luxembourg St., BF Homes International, Las Pinas City

Tel. No. 8256374 / 252358 Loc. 117/146

Powered by Koha